| 000 | 00406nam a22001217a 4500 | ||
|---|---|---|---|
| 999 |
_c66679 _d66676 |
||
| 100 |
_aMuhammad Ali _a15MSIT07 _aSupervisor - Prof.Dr Zahid Hussain Abro |
||
| 245 | _aDetermining The Factors for Acceptance of The QEC Application (ME Thesis) | ||
| 260 |
_aNawabshah _bQUEST _c2019 |
||
| 300 | _a47 | ||
| 700 | _aDepartment of Information Technology | ||
| 856 | _uhttps://tinyurl.com/2bk8nv39 | ||
| 942 | _cTHESIS | ||